|
|
|
|
| LEADER |
00000nab a2200000 a 4500 |
| 001 |
vtls009304911 |
| 003 |
SK-MaSNL |
| 005 |
20260304150817.0 |
| 008 |
250506c2008 xo mr|p|||||||000 b|slo |
| 015 |
|
|
|a SNBRB2008/06
|2 snkbucl
|
| 035 |
|
|
|a urn:nbn:sk:snk-ab8bce
|
| 035 |
|
|
|a (urnnbn)urn:nbn:sk:snk:ar-a07tio
|
| 035 |
|
|
|a (uuid)9fd4eebb-c127-4727-b5c4-a4f722cc3b72
|
| 038 |
|
|
|a SNKBUCL
|
| 040 |
|
|
|a SNKBUCL
|b slo
|c SNKBUCL
|e AACR2
|
| 041 |
0 |
|
|a slo
|
| 044 |
|
|
|a xo
|c SK
|
| 080 |
|
|
|a 336.767
|2 2001
|
| 080 |
|
|
|a 330.322
|2 2001
|
| 100 |
1 |
|
|a Burák, Emil,
|d 1963-
|4 aut
|9 231617
|
| 245 |
1 |
0 |
|a Investovanie v biznise - obozretnosť i výzva pre inteligentné služby
|c Emil Burák
|
| 650 |
0 |
7 |
|a investovanie
|2 snkbucl
|9 397568
|
| 773 |
0 |
|
|t Eurobiznis
|g Roč. 8., č. 6 (2008), s. 12-13
|x 1336-393X
|
| 850 |
|
|
|a Slovenská národná knižnica
|
| 852 |
|
|
|a Slovenská národná knižnica
|
| 954 |
|
|
|a odborná, vedecká literatúra pôvodná (slovenská)
|2 lita
|
| 958 |
|
|
|a article9
|
| 958 |
|
|
|a OND
|
| 958 |
|
|
|a EUIPO
|
| 999 |
|
|
|c 2939749
|d 2941679
|